LEADER 00547naa a2200145 i 4500 001 000000295201 003 CaOOAMICUS 005 20180831172521.0 008 180831n xx u000 u und u 013 $a2497 040 $aSeMil$bita 100 1 $aTavard, Georges.$0(OLS)http://semarc/name/25689 245 10$aARCIC-1. on authority. 773 0 $tCommunion et réunion.$dLeuven : University Press, 1995.$kBibliotheca Ephemeridum Theologicarum Lovaniensium$z90-6186-699-5$z90-6831-700-8$w()44791 996 $6245$aARCIC-1. on authority$9(OLS)http://semarc/title/371261 LEADER 01673nam a2200337 i 4500 001 000000244649 003 CaOOAMICUS 005 20221005103047.0 008 151030s2015 it u000 u ita u 020 $a978-88-250-1971-1 040 $aSeMil$bita 100 1 $aFabris, Adriano,$d<1958- >.$0(OLS)http://semarc/name/10469 245 13$aLe Beatitudini :$bVangelo del nuovo umanesimo /$cAdriano Fabris, Chiara Giaccardi, Simone Morandini, Fabio Scarsato ; prefazione di Nunzio Galantino. 264 1$aPadova :$bMessaggero di S. Antonio,$c2015. 300 $a123 p. ;$c21 cm. 490 1 $aProblemi & proposte ;$v29 650 4$aBibbia - Beatitudini.$0(OLS)http://semarc/subject/1685 650 4$aUmanesimo cristiano.$0(OLS)http://semarc/subject/2996 700 1 $aScarsato, Fabio.$0(OLS)http://semarc/name/82452 700 1 $aMorandini, Simone,$d<1961- >.$0(OLS)http://semarc/name/38884 700 1 $aGiaccardi, Chiara,$d<1959- >.$0(OLS)http://semarc/name/47628 700 1 $aGalantino, Nunzio,$c.$0(OLS)http://semarc/name/16055 711 2 $aConvegno Ecclesiale Nazionale <5. ; 2015 ; Firenze>.$0(OLS)http://semarc/name/110367 830 0$aProblemi & proposte ;$v29.$0(OLS)http://semarc/title/7763 850 $aSeMil 852 $aSeMil$W1$xVenegono$y1$m3F III 618$j194995$B194995$CSeMilBibl$Z2$F207383 $81 961 $aOmaggio: Delpini mons. Mario 996 $6020$a978-88-250-1971-1$9(OLS)http://semarc/number/252981 996 $6245$aLe Beatitudini :$bVangelo del nuovo umanesimo$9(OLS)http://semarc/title/346543 996 $6264$aPadova :$bMessaggero di S. Antonio$9(OLS)http://semarc/publisher/30062